000
00305nam a22001337a 4500
008
170214b xxu||||| |||| 00| 0 eng d
020
_a
9780875530345
041
_a
eng
080
_2
18ED
_a
61
100
_a
4
101
_a
SHM
245
_a
CONTROL COMMUNICABLE DISEASE MANUAL
_c
HEYMANN
942
_2
udc
_c
BK
999
_c
5419
_d
5419